[Event "Mecklenburg VP VL 1718"]
[Site "Mecklenburg VP"]
[Date "2018.04.22"]
[Round "9.5"]
[White "Dombrowski, Frank"]
[Black "Ehlers, Michael2222"]
[Result "0-1"]
[WhiteElo "1956"]
[BlackElo "1858"]
[PlyCount "126"]
[EventDate "2017.10.08"]
[EventType "team-tourn"]
[EventRounds "9"]
[EventCountry "GER"]
[SourceTitle "EXT 2022"]
[Source "ChessBase"]
[SourceDate "2021.10.06"]
[SourceVersion "1"]
[SourceVersionDate "2021.10.06"]
[SourceQuality "1"]
[WhiteTeam "Greifswald II"]
[BlackTeam "Torgelow Droegeheide"]
[WhiteTeamCountry "GER"]
[BlackTeamCountry "GER"]

1. c3 c5 2. d4 cxd4 3. cxd4 Nf6 4. Nf3 b6 5. Bf4 Bb7 6. Nbd2 e6 7. a3 Be7 8. e3 0-0 9. h3 d6 10. Be2 Nc6 11. 0-0 Qd7 12. Rc1 Rfc8 13. Bb5 a6 14. Ba4 b5 15. Bc2 Rc7 16. Ne4 Rac8 17. Nxf6+ Bxf6 18. Qd2 Ne7 19. Bb1 Ng6 20. Bg3 Bxf3 21. gxf3 Nh4 22. Bxh4 Bxh4 23. Kg2 Bf6 24. f4 Rc4 25. b3 Qc6+ 26. d5 exd5 27. bxc4 dxc4+ 28. f3 Qc5 29. Qb4 Qxe3 30. Qxd6 Bh4 31. Qe5 Qxa3 32. Bxh7+ Kxh7 33. Qh5+ Kg8 34. Qxh4 b4 35. Qf2 c3 36. Ra1 Qb3 37. Rxa6 c2 38. Qd2 Qc4 39. Raa1 b3 40. Qc1 Qd4 41. Rb1 Qc3 42. Rb2 Rc6 43. Rf2 Kh7 44. Re2 Qxb2 45. Qxb2 c1Q 46. Qxc1 Rxc1 47. Kg3 Rc2 48. Re3 b2 49. Rb3 Kg6 50. Rb6+ f6 51. Rb5 Kf7 52. Rb6 Ke7 53. f5 Kd7 54. h4 Kc7 55. Rb3 Kc6 56. Rb8 Kd5 57. h5 Ke5 58. Rb5+ Kd4 59. Kg4 Kc3 60. h6 Rg2+ 61. Kh3 Rg5 62. hxg7 Rxg7 63. Rb7 Rg1 0-1

[Event "Mecklenburg VP VL 1718"]
[Site "Mecklenburg VP"]
[Date "2017.11.12"]
[Round "2.4"]
[White "Dombrowski, Frank"]
[Black "Kunow, Frank"]
[Result "0-1"]
[WhiteElo "1956"]
[BlackElo "1875"]
[PlyCount "116"]
[EventDate "2017.10.08"]
[EventType "team-tourn"]
[EventRounds "9"]
[EventCountry "GER"]
[SourceTitle "EXT 2022"]
[Source "ChessBase"]
[SourceDate "2021.10.06"]
[SourceVersion "1"]
[SourceVersionDate "2021.10.06"]
[SourceQuality "1"]
[WhiteTeam "Greifswald II"]
[BlackTeam "Neubrandenburg SG Eintracht"]
[WhiteTeamCountry "GER"]
[BlackTeamCountry "GER"]

1. c3 g6 2. d4 Bg7 3. Bf4 d6 4. Nf3 Nd7 5. e3 e5 6. dxe5 dxe5 7. Bg5 f6 8. Bh4 Nh6 9. Bc4 Qe7 10. Nbd2 Nb6 11. e4 Nf7 12. Bb3 Be6 13. Bxe6 Qxe6 14. Qb3 Nd8 15. 0-0-0 Qxb3 16. Nxb3 Ne6 17. Bg3 a5 18. Kc2 a4 19. Nc1 Nc5 20. Nd2 Bh6 21. f3 Bxd2 22. Rxd2 Nc4 23. Re2 0-0-0 24. Bf2 Ne6 25. b3 Nd6 26. Nd3 g5 27. g3 h5 28. Nc5 Nxc5 29. Bxc5 b6 30. Bxd6 Rxd6 31. bxa4 h4 32. Ree1 Kb7 33. Rb1 Ra8 34. gxh4 gxh4 35. Rhg1 Rxa4 36. Ra1 f5 37. exf5 Rf4 38. Rg4 Rxf3 39. Rxh4 Rdd3 40. Re4 Rxc3+ 41. Kd2 Rc5 42. h4 Rxf5 43. Rae1 Ra5 44. a4 Rd5+ 45. Ke3 c5 46. Rg1 Rf4 47. Rxe5 Rdd4 48. Rg7+ Kc6 49. h5 Rxa4 50. h6 Rh4 51. h7 Ra3+ 52. Kf2 Rh2+ 53. Kg1 Rah3 54. Ree7 Kb5 55. Rb7 Rh6 56. Rgc7 R2h4 57. Kf2 Kb4 58. Kg3 b5 0-1

[Event "Mecklenburg VP LL 1617"]
[Site "Mecklenburg VP"]
[Date "2017.01.15"]
[Round "5.7"]
[White "Dombrowski, Frank"]
[Black "Kutschke, Peter"]
[Result "0-1"]
[WhiteElo "1988"]
[BlackElo "1934"]
[PlyCount "118"]
[EventDate "2016.10.16"]
[EventType "team-tourn"]
[EventRounds "9"]
[EventCountry "GER"]
[SourceTitle "EXT 2022"]
[Source "ChessBase"]
[SourceDate "2021.10.06"]
[SourceVersion "1"]
[SourceVersionDate "2021.10.06"]
[SourceQuality "1"]
[WhiteTeam "Greifswald II"]
[BlackTeam "Schwerin SF II"]
[WhiteTeamCountry "GER"]
[BlackTeamCountry "GER"]

1. c3 d5 2. d4 c6 3. Bf4 Bf5 4. Nf3 h6 5. e3 Qb6 6. Qb3 Nd7 7. Nbd2 e6 8. Be2 Ngf6 9. h3 Be7 10. 0-0 0-0 11. Rfc1 Rfe8 12. Ne5 Nxe5 13. Bxe5 Ne4 14. Nxe4 Bxe4 15. f3 Bg6 16. Qxb6 axb6 17. c4 Rec8 18. c5 f6 19. Bg3 bxc5 20. dxc5 Ra5 21. b4 Ra3 22. Bd1 Rxe3 23. a4 f5 24. Bf4 Rd3 25. Ra2 Bf6 26. Be2 Rc3 27. Rb1 Bd4+ 28. Kf1 Be3 29. Bxe3 Rxe3 30. a5 f4 31. Rbb2 Bd3 32. Bxd3 Rxd3 33. a6 bxa6 34. Rxa6 Kf7 35. Rba2 Rb3 36. Rb6 d4 37. Rd2 d3 38. Ke1 Kf6 39. Rb7 Rd8 40. Rc7 Rxb4 41. Rxc6 Rc4 42. Rc7 g5 43. Rc6 Ke5 44. Rc7 Kd4 45. c6 Rd6 46. Ra7 Rcxc6 47. Ra3 Rc3 48. Ra4+ Kc5 49. h4 Rb6 50. hxg5 hxg5 51. Ra5+ Rb5 52. Ra8 Kd4 53. Rd8+ Rd5 54. Ra8 Rdc5 55. Rd8+ Kc4 56. Kf1 Rd5 57. Ra8 Kd4 58. Kf2 Rc2 59. Ra4+ Kc3 0-1

[Event "Mecklenburg VP LL 1617"]
[Site "Mecklenburg VP"]
[Date "2016.10.16"]
[Round "1.5"]
[White "Dombrowski, Frank"]
[Black "Hilpert, Andreas"]
[Result "1/2-1/2"]
[WhiteElo "1988"]
[BlackElo "1787"]
[PlyCount "117"]
[EventDate "2016.10.16"]
[EventType "team-tourn"]
[EventRounds "9"]
[EventCountry "GER"]
[SourceTitle "EXT 2022"]
[Source "ChessBase"]
[SourceDate "2021.10.06"]
[SourceVersion "1"]
[SourceVersionDate "2021.10.06"]
[SourceQuality "1"]
[WhiteTeam "Greifswald II"]
[BlackTeam "Ludwigslust VT 2000"]
[WhiteTeamCountry "GER"]
[BlackTeamCountry "GER"]

1. c3 d5 2. d4 Nf6 3. Bf4 e6 4. Nf3 Bd6 5. e3 Bxf4 6. exf4 0-0 7. Ne5 Nbd7 8. Nd2 c5 9. Nxd7 Bxd7 10. Nf3 Qb6 11. Qb3 Qxb3 12. axb3 cxd4 13. Nxd4 a6 14. f3 Rac8 15. Bd3 g6 16. Kf2 Ne8 17. Ra5 Nd6 18. Rha1 Rc7 19. b4 Bc8 20. R5a2 Bd7 21. Ra5 Bc8 22. Rc5 Ne8 23. Rxc7 Nxc7 24. b5 axb5 25. Nxb5 Nxb5 26. Bxb5 Rd8 27. Ke3 Kf8 28. Kd4 Ke7 29. Kc5 h5 30. h4 f6 31. Ra7 e5 32. fxe5 fxe5 33. Bc6 d4 34. cxd4 exd4 35. Be4 d3 36. Ra1 d2 37. Rd1 Bf5 38. Bxf5 gxf5 39. f4 Ke6 40. Kc4 b5+ 41. Kc3 b4+ 42. Kc4 Rd7 43. g3 Rg7 44. Rxd2 Rxg3 45. Kxb4 Rg4 46. Kc5 Rxf4 47. Rd6+ Ke5 48. Rd5+ Ke6 49. Rd4 Rf1 50. Rd6+ Ke5 51. Rh6 Rc1+ 52. Kb5 f4 53. Rxh5+ Ke4 54. Rh8 f3 55. Re8+ Kd3 56. Rd8+ Ke2 57. Re8+ Kd3 58. Rf8 Ke2 59. Re8+ 1/2-1/2

[Event "Mecklenburg VP LL2 Ost 1516"]
[Site "Mecklenburg VP"]
[Date "2016.03.13"]
[Round "7.6"]
[White "Rosin, Ralf"]
[Black "Dombrowski, Frank"]
[Result "1-0"]
[WhiteElo "1730"]
[BlackElo "1988"]
[PlyCount "61"]
[EventDate "2015.09.20"]
[EventType "team-tourn"]
[EventRounds "9"]
[EventCountry "GER"]
[SourceTitle "EXT 2022"]
[Source "ChessBase"]
[SourceDate "2021.10.06"]
[SourceVersion "1"]
[SourceVersionDate "2021.10.06"]
[SourceQuality "1"]
[WhiteTeam "Wolgast Motor"]
[BlackTeam "Greifswald II"]
[WhiteTeamCountry "GER"]
[BlackTeamCountry "GER"]

1. d4 c6 2. Nf3 d5 3. e3 Nf6 4. c4 e6 5. Nc3 Nbd7 6. cxd5 cxd5 7. Bd3 a6 8. 0-0 b5 9. a3 Bb7 10. Nd2 Nb6 11. Re1 Be7 12. Nf3 0-0 13. Ne5 Nc4 14. f4 Qc7 15. Ne2 Ne4 16. b3 Ncd6 17. Bd2 Nxd2 18. Qxd2 Ne4 19. Bxe4 dxe4 20. Rac1 Qd6 21. b4 h5 22. Rc3 Rfc8 23. Rec1 Rxc3 24. Rxc3 f6 25. Ng6 Bd8 26. Rc5 Bd5 27. f5 Bb6 28. Nef4 Bxc5 29. bxc5 Qd7 30. Qd1 exf5 31. Nxd5 1-0